[Event "40th Olympiad Women"]
[Site "Istanbul TUR"]
[Date "2012.09.04"]
[Round "7.28"]
[Board "2"]
[White "Exler, Veronika"]
[Black "Abarca Gonzalez, Damaris"]
[Result "1-0"]
[WhiteTitle "WFM"]
[WhiteElo "2103"]
[BlackElo "2024"]
[WhiteTeam "Austria"]
[BlackTeam "Chile"]
[WhiteFideId "1620550"]
[BlackFideId "3409414"]
[EventDate "2012.08.28"]

1. d4 d5 2. Nf3 Nf6 3. g3 c6 4. Bg2 e6 5. O-O Be7 6. c4 O-O 7. Qc2 b6 8. Nbd2
Bb7 9. Rd1 Nbd7 10. e4 dxc4 11. Nxc4 c5 12. Ng5 h6 13. e5 Bxg2 14. exf6 Nxf6 15.
Kxg2 hxg5 16. dxc5 Qc7 17. cxb6 axb6 18. Qe2 g4 19. Bf4 Qc6+ 20. Kg1 Rfc8 21.
Ne5 Qc2 22. Rd2 Qf5 23. Qd3 Qxd3 24. Nxd3 Nd5 25. Be3 Nxe3 26. fxe3 Rd8 27. Kf2
Ra5 28. Ke2 Rh5 29. Rh1 Rhd5 30. Rhd1 Rh5 31. Rh1 Rhd5 32. Rhd1 g5 33. Nf2 f5
34. Rxd5 exd5 35. a3 Bf6 36. Nd3 Re8 37. Rf1 d4 38. Rxf5 Rxe3+ 39. Kd2 Kg7 40.
Rb5 Re6 41. Nf2 Kg6 42. Nxg4 Bg7 43. Kd3 Kh5 44. h4 Rg6 45. Ne5 Re6 46. Nc4 Bf6
47. Rxb6 Rxb6 48. Nxb6 gxh4 49. gxh4 Kxh4 50. a4 1-0

[Event "40th Olympiad Women"]
[Site "Istanbul TUR"]
[Date "2012.09.04"]
[Round "7.28"]
[Board "3"]
[White "Larrachea Formas, Emilia"]
[Black "Kopinits, Anna-Christina"]
[Result "0-1"]
[BlackTitle "WIM"]
[WhiteElo "2061"]
[BlackElo "2234"]
[WhiteTeam "Chile"]
[BlackTeam "Austria"]
[WhiteFideId "3400727"]
[BlackFideId "1614142"]
[EventDate "2012.08.28"]

1. Nf3 d5 2. d4 Nf6 3. g3 c6 4. Bg2 Bf5 5. O-O Nbd7 6. Nbd2 e6 7. c4 Bd6 8. Qb3
b6 9. Nh4 O-O 10. Nxf5 exf5 11. cxd5 cxd5 12. Bxd5 Nxd5 13. Qxd5 Qe7 14. Qxf5 g6
15. Qf3 Rfe8 16. e4 Bb4 17. e5 f6 18. Qb3+ Kg7 19. e6 Nf8 20. d5 h5 21. Ne4 Nh7
22. Be3 f5 23. Bd4+ Kh6 24. Be3+ Kg7 25. d6 Bxd6 26. Qc3+ Kg8 27. Nxd6 Qxd6 28.
Bh6 Qe7 29. Rac1 Ng5 30. h4 Nxe6 31. Rce1 Qf7 32. Rc1 Rad8 33. b4 Nd4 34. Rfe1
Ne2+ 35. Rxe2 Rxe2 36. Qf3 Rde8 37. Rc6 Re1+ 38. Kg2 R1e6 39. Rc2 Rd6 40. Bf4
Rd7 41. Rc6 Kh7 42. a4 Qe7 43. Rc4 Qe6 44. Qb3 Qd5+ 45. f3 Rc8 46. Rc3 Qxb3 47.
Rxb3 Rc2+ 48. Kh3 Rd1 49. g4 Rh1+ 50. Kg3 Rg1+ 0-1

[Event "40th Olympiad Women"]
[Site "Istanbul TUR"]
[Date "2012.09.04"]
[Round "7.28"]
[Board "4"]
[White "Schnegg, Anna-Lena"]
[Black "Reyes Jara, Paula"]
[Result "0-1"]
[WhiteElo "2088"]
[BlackElo "2115"]
[WhiteTeam "Austria"]
[BlackTeam "Chile"]
[WhiteFideId "1625268"]
[BlackFideId "3403920"]
[EventDate "2012.08.28"]

1. e4 e5 2. Nf3 Nc6 3. Bb5 a6 4. Ba4 Nf6 5. O-O Be7 6. Re1 b5 7. Bb3 O-O 8. c3
d6 9. h3 Na5 10. Bc2 c5 11. d4 Qc7 12. Nbd2 cxd4 13. cxd4 Nc6 14. d5 Nb4 15. Bb1
a5 16. a3 Na6 17. b3 Bd7 18. Bb2 Rfc8 19. Nf1 b4 20. a4 Nc5 21. Bd3 Nh5 22. Rc1
Nf4 23. Bb1 Bf8 24. Rc4 Bxh3 25. gxh3 Nxh3+ 26. Kg2 Nf4+ 27. Kh1 Qd7 28. N1h2
Nxa4 29. Rxc8 Nxb2 30. Rxf8+ Kxf8 31. Qd2 Na4 32. bxa4 Qxa4 33. Qb2 f6 34. Nd2
Qb5 35. Ba2 a4 36. Bc4 Qb6 37. Ndf3 Rc8 38. Bf1 a3 39. Qa2 Rc3 40. Rb1 Qc5 41.
Rb3 Rc2 42. Qb1 a2 43. Qa1 Nh3 44. Ne1 Nxf2+ 45. Kg2 Nxe4+ 46. Nxc2 Qxc2+ 47.
Kh1 Qxb3 48. Qc1 Nc3 0-1

[Event "40th Olympiad Women"]
[Site "Istanbul TUR"]
[Date "2012.09.04"]
[Round "7.29"]
[Board "1"]
[White "Tuominen, Tanja"]
[Black "Real Pereyra, Diana Carime"]
[Result "1-0"]
[WhiteTitle "WIM"]
[BlackTitle "WFM"]
[WhiteElo "2101"]
[BlackElo "2075"]
[WhiteTeam "Finland"]
[BlackTeam "Mexico"]
[WhiteFideId "502340"]
[BlackFideId "5104106"]
[EventDate "2012.08.28"]

1. e4 c5 2. c3 b6 3. d4 Bb7 4. Bd3 Nf6 5. Qe2 cxd4 6. cxd4 Nc6 7. Nf3 Nb4 8. Nc3
Nxd3+ 9. Qxd3 Qc8 10. a4 Ba6 11. Nb5 Qb7 12. d5 Bxb5 13. axb5 e6 14. O-O Bc5 15.
Bg5 Be7 16. Ra4 h6 17. Bd2 O-O 18. d6 Bd8 19. Ne5 Ne8 20. Ng4 h5 21. Ne3 Bf6 22.
f4 e5 23. Nf5 g6 24. Ne7+ Kg7 25. f5 g5 26. Nd5 Rg8 27. Bc3 Qb8 28. Nxf6 1-0

[Event "40th Olympiad Women"]
[Site "Istanbul TUR"]
[Date "2012.09.04"]
[Round "7.29"]
[Board "2"]
[White "Garcia Morales, Ivette Ale"]
[Black "Puuska, Heini"]
[Result "1-0"]
[BlackTitle "WFM"]
[WhiteElo "2014"]
[BlackElo "1995"]
[WhiteTeam "Mexico"]
[BlackTeam "Finland"]
[WhiteFideId "5105994"]
[BlackFideId "502324"]
[EventDate "2012.08.28"]

1. d4 g6 2. g3 Bg7 3. Nf3 d6 4. Bg2 Nd7 5. O-O e5 6. d5 Ne7 7. c4 O-O 8. Nc3 h6
9. e4 f5 10. Be3 f4 11. gxf4 exf4 12. Bd4 Ne5 13. Bxe5 dxe5 14. c5 Bg4 15. Qb3
Kh8 16. Rad1 Rb8 17. h3 Bh5 18. Ne2 Nf5 19. exf5 e4 20. Ned4 exf3 21. Bxf3 Bxd4
22. Rxd4 Qg5+ 23. Kh2 Rxf5 24. Rg1 Qh4 25. Rd2 Qf6 26. Re2 Bxf3 27. Qxf3 g5 28.
Re6 Qg7 29. Rge1 Rd8 30. Qh5 Rf6 31. Rxf6 Qxf6 32. Re6 Qxb2 33. Qxh6+ Kg8 34.
Rg6+ Kf7 35. Qh7+ 1-0

[Event "40th Olympiad Women"]
[Site "Istanbul TUR"]
[Date "2012.09.04"]
[Round "7.29"]
[Board "3"]
[White "Nazarova, Anastasia"]
[Black "Guerrero Rodriguez, Alejandra"]
[Result "0-1"]
[BlackTitle "WIM"]
[WhiteElo "1693"]
[BlackElo "2072"]
[WhiteTeam "Finland"]
[BlackTeam "Mexico"]
[WhiteFideId "34101737"]
[BlackFideId "5104297"]
[EventDate "2012.08.28"]

1. e4 e6 2. d4 c5 3. c3 d5 4. Nd2 Nc6 5. dxc5 Bxc5 6. Nb3 Be7 7. exd5 exd5 8.
Be3 Nf6 9. Be2 O-O 10. Nf3 Bg4 11. O-O Qc7 12. Nfd4 Bxe2 13. Qxe2 Rfe8 14. Qf3
Ne5 15. Qh3 Nc4 16. Rab1 Nxe3 17. Qxe3 Ne4 18. Qh3 Bf6 19. Rbd1 Rad8 20. Nc2 Qf4
21. g3 Ng5 22. Qg2 Qe4 23. Ncd4 b6 24. h4 Qxg2+ 25. Kxg2 Ne4 26. Nc6 Rd7 27. c4
Bxb2 28. cxd5 Kf8 29. f3 Nc3 30. Rd2 Ba3 31. Rd3 Nxd5 32. Kf2 Rc7 33. Rxd5 Rxc6
34. Rfd1 Rc2+ 35. R1d2 Rec8 36. Ke2 Rxd2+ 37. Kxd2 Ke7 38. Re5+ Kf6 39. f4 Bb4+
40. Kd1 Rc3 41. g4 g6 42. g5+ Kg7 43. f5 gxf5 44. Rxf5 Rh3 45. Rf4 Bd6 46. Re4
Rh1+ 47. Kc2 Rh2+ 48. Kb1 a5 49. Nd4 Kg6 50. Nf3 Rh3 51. Nd2 Kf5 52. Rc4 Bf4 53.
Nb3 Rxh4 54. Nd4+ Kg4 55. Rc6 Rh1+ 0-1

[Event "40th Olympiad Women"]
[Site "Istanbul TUR"]
[Date "2012.09.04"]
[Round "7.29"]
[Board "4"]
[White "Mendoza Velazquez, Lorena Alejan"]
[Black "Walta, Paivi"]
[Result "1-0"]
[WhiteTitle "WIM"]
[BlackTitle "WFM"]
[WhiteElo "1993"]
[BlackElo "1808"]
[WhiteTeam "Mexico"]
[BlackTeam "Finland"]
[WhiteFideId "5101794"]
[BlackFideId "504513"]
[EventDate "2012.08.28"]

1. d4 f5 2. c4 g6 3. Nc3 Bg7 4. e4 d6 5. Nf3 Nf6 6. exf5 Bxf5 7. h3 O-O 8. Be2
c6 9. g4 Bd7 10. Be3 Qe8 11. Nd2 Na6 12. O-O Rd8 13. Rc1 Kh8 14. d5 b6 15. a3
Nc7 16. Bf3 cxd5 17. cxd5 Nb5 18. Nxb5 Bxb5 19. Re1 Nd7 20. a4 Ba6 21. Rc7 Ra8
22. b4 Ne5 23. b5 Bc8 24. Be2 Qf7 25. f4 Nd7 26. Ne4 Nf6 27. Nxf6 Qxf6 28. Kg2
Rd8 29. g5 Qf8 30. Kg3 e6 31. dxe6 Bxe6 32. Bf3 d5 33. Bd4 Rd7 34. Rxd7 Bxd7 35.
Bxd5 Rd8 36. Qa1 a6 37. Bxg7+ Qxg7 38. Qxg7+ Kxg7 39. bxa6 Bxa4 40. a7 1-0

[Event "40th Olympiad Women"]
[Site "Istanbul TUR"]
[Date "2012.09.04"]
[Round "7.30"]
[Board "1"]
[White "Koskoska, Gabriela"]
[Black "Sanchez Castillo, Sarai"]
[Result "0-1"]
[WhiteTitle "WIM"]
[BlackTitle "IM"]
[WhiteElo "2094"]
[BlackElo "2193"]
[WhiteTeam "FYROM"]
[BlackTeam "Venezuela"]
[WhiteFideId "15000630"]
[BlackFideId "3900754"]
[EventDate "2012.08.28"]

1. c4 e5 2. Nc3 Nf6 3. g3 d5 4. cxd5 Nxd5 5. Bg2 Nb6 6. Nf3 Nc6 7. d3 Be7 8. a3
Be6 9. b4 f5 10. O-O Bf6 11. e4 O-O 12. exf5 Bxf5 13. Ne4 Kh8 14. Bb2 Bg4 15. h3
Bf5 16. b5 Nd4 17. Bxd4 exd4 18. g4 Bxe4 19. dxe4 Qd6 20. a4 Rad8 21. Re1 Nd7
22. Ra2 Ne5 23. Nxe5 Bxe5 24. Qd3 Qf6 25. Rc1 Qf4 26. Rc5 h6 27. Rac2 Rf6 28.
Rd5 Rdf8 29. Qg3 Qxg3 30. fxg3 Bxg3 31. e5 Bf2+ 32. Kf1 Rf4 33. Ke2 Be3 34. Kd3
R4f7 35. e6 Re7 36. Rd7 Rxe6 37. Rcxc7 Bg5 38. Rxg7 Re3+ 39. Kxd4 Bf6+ 40. Kxe3
Bxg7 41. Rxb7 Rd8 42. Be4 Kg8 43. Kf4 Bd4 44. Kf5 Rf8+ 45. Kg6 Rf6+ 46. Kh5 Be3
47. Bg6 Rf3 48. h4 Rh3 49. Bf5 Rg3 50. Kg6 Kf8 51. a5 Rh3 52. Rf7+ Ke8 53. Rf6
Bd2 54. Rf8+ Kxf8 55. b6 axb6 56. g5 Rxh4 57. a6 Ra4 0-1

[Event "40th Olympiad Women"]
[Site "Istanbul TUR"]
[Date "2012.09.04"]
[Round "7.30"]
[Board "2"]
[White "Gutierrez, Leonela"]
[Black "Bejatovic, Bojana"]
[Result "1-0"]
[WhiteElo "2067"]
[BlackElo "1978"]
[WhiteTeam "Venezuela"]
[BlackTeam "FYROM"]
[WhiteFideId "3900401"]
[BlackFideId "15000141"]
[EventDate "2012.08.28"]

1. e4 c5 2. Nf3 d6 3. d4 cxd4 4. Nxd4 Nf6 5. Nc3 Nc6 6. f3 e5 7. Nb3 Be6 8. Bg5
Be7 9. Qd2 a5 10. Bb5 O-O 11. Rd1 Qb6 12. Be3 Qc7 13. O-O Na7 14. a4 Rfd8 15.
Qf2 Nc8 16. Nd5 Nxd5 17. exd5 Bf5 18. c4 Bg6 19. c5 dxc5 20. Nxc5 Nd6 21. Ne4
Rdc8 22. Rc1 Qd8 23. Bb6 Qf8 24. Nxd6 Bxd6 25. Kh1 Rxc1 26. Rxc1 Rc8 27. Qe3
Rxc1+ 28. Qxc1 e4 29. fxe4 Bxe4 30. Qc4 f5 31. Bxa5 Qe7 32. Qc8+ Kf7 33. Qd7
Qxd7 34. Bxd7 Bxd5 35. Bxf5 Bb3 36. Bd7 Be5 37. Bc3 Bxc3 38. bxc3 b6 39. Kg1 Ke7
40. Bb5 Kd6 41. Kf2 Kc5 42. Ke3 Bd5 43. g3 Bg2 44. h4 Bh3 45. Bd3 h6 46. Bb5 Kd5
47. Kf4 Bc8 48. g4 Be6 49. g5 hxg5+ 50. Kxg5 Bf7 51. Kf5 Bh5 52. Kg5 Bf7 53. Bd3
Ke5 54. Bc2 Be8 55. Bb3 Ke4 56. Bg8 Ke5 57. c4 Bxa4 58. Kg6 Kf4 59. h5 Bd1 60.
Bf7 Be2 61. Kxg7 Kg5 62. h6 Bd3 63. h7 Bxh7 64. Kxh7 Kf6 65. Be8 Ke7 66. Bb5 Kd6
67. Kg6 Kc5 68. Kf5 Kd6 69. Kf6 Kc5 70. Ke5 Kb4 71. Kd5 Ka5 72. Ke4 1-0

[Event "40th Olympiad Women"]
[Site "Istanbul TUR"]
[Date "2012.09.04"]
[Round "7.30"]
[Board "3"]
[White "Stojkovska, Monika"]
[Black "Montilla, Jorcerys"]
[Result "0-1"]
[WhiteElo "1939"]
[BlackElo "2050"]
[WhiteTeam "FYROM"]
[BlackTeam "Venezuela"]
[WhiteFideId "15002594"]
[BlackFideId "3900517"]
[EventDate "2012.08.28"]

1. e4 c5 2. Nf3 Nc6 3. d4 cxd4 4. Nxd4 Qb6 5. Nb3 Nf6 6. Nc3 e6 7. Bd3 Be7 8.
O-O a6 9. Be3 Qc7 10. f4 d6 11. Qf3 O-O 12. Qh3 b5 13. a3 b4 14. axb4 Nxb4 15.
Kh1 Nxd3 16. cxd3 Rb8 17. Na5 Rxb2 18. Rfc1 Qd8 19. Na4 Rb5 20. Nc6 Qe8 21. Na7
Rb8 22. Nc6 Rb3 23. Nb6 Bd7 24. Nxd7 Nxd7 25. Bd4 Nc5 26. Qg4 g6 27. Nxe7+ Qxe7
28. Bxc5 dxc5 29. Rxa6 Rxd3 30. Rc6 Rfd8 31. h3 Qb7 32. R6xc5 Qxe4 33. Rc8 Rxc8
34. Rxc8+ Kg7 35. Qg5 Rxh3+ 0-1

[Event "40th Olympiad Women"]
[Site "Istanbul TUR"]
[Date "2012.09.04"]
[Round "7.30"]
[Board "4"]
[White "Hernandez, Zaida"]
[Black "Nikolovska, Dragana"]
[Result "1-0"]
[WhiteElo "1990"]
[BlackElo "1828"]
[WhiteTeam "Venezuela"]
[BlackTeam "FYROM"]
[WhiteFideId "3901041"]
[BlackFideId "15000133"]
[EventDate "2012.08.28"]

1. e4 c5 2. Nf3 d6 3. d4 cxd4 4. Qxd4 Nc6 5. Bb5 Bd7 6. Bxc6 bxc6 7. O-O e5 8.
Qd3 Be7 9. c4 h6 10. Nc3 Nf6 11. Rd1 Qc7 12. b3 O-O 13. Bb2 Rfd8 14. h3 Be6 15.
Ne2 Rab8 16. Qc2 Qb7 17. Rd2 a5 18. Nc3 Nh5 19. Rad1 Qc8 20. Ne2 c5 21. Qc3 a4
22. g4 Nf6 23. Ng3 axb3 24. axb3 Qb7 25. g5 hxg5 26. Nxg5 Qxb3 27. Qxb3 Rxb3 28.
Nxe6 fxe6 29. Bxe5 Ne8 30. Bf4 g5 31. Be3 Ra8 32. Rc2 Ra4 33. Kg2 Nc7 34. Bxc5
dxc5 35. Rd7 Bf8 36. Rxc7 Rbb4 37. Nh5 Bd6 38. Rc6 Bf8 39. Rc7 Bd6 40. Rc6 Bf8
41. Rxe6 Rxc4 42. Rxc4 Rxc4 43. Re5 Kf7 44. Rxg5 Rxe4 45. Rf5+ Kg6 46. Rxf8 Kxh5
47. Rf5+ Kg6 48. Rxc5 Ra4 49. Kg3 Ra3+ 50. Kg4 Ra6 51. h4 Rb6 52. f4 Rb1 53.
Rc6+ Kg7 54. h5 Rg1+ 55. Kf5 Rh1 56. Kg5 Rg1+ 57. Kf5 Rh1 58. Rg6+ Kh7 59. Rg5
Ra1 60. Kg4 Rg1+ 61. Kf5 Ra1 62. Rg2 Ra5+ 63. Kg4 Ra4 64. Kg5 Ra8 65. Rb2 Rg8+
66. Kh4 Rg1 67. Rb7+ Kh6 68. Rb6+ Kh7 69. Rd6 Rh1+ 70. Kg5 Rg1+ 71. Kf5 Ra1 72.
Re6 Ra5+ 73. Re5 Ra1 74. Kf6 Rf1 75. f5 Rh1 76. Re7+ Kh6 77. Re8 Kh7 78. Re7+
Kh6 79. Rg7 Rxh5 80. Rg2 Kh7 81. Ke6 Rh1 82. Kf7 Kh6 83. f6 Ra1 84. Rh2+ Kg5 85.
Kg7 Ra6 86. Rg2+ Kf5 87. f7 Ra7 88. Kg8 1-0

[Event "40th Olympiad Women"]
[Site "Istanbul TUR"]
[Date "2012.09.04"]
[Round "7.31"]
[Board "1"]
[White "Azman Hisham, Nur Najiha"]
[Black "Khoudgarian, Natalia"]
[Result "1/2-1/2"]
[WhiteTitle "WFM"]
[BlackTitle "WIM"]
[WhiteElo "1882"]
[BlackElo "2158"]
[WhiteTeam "Malaysia"]
[BlackTeam "Canada"]
[WhiteFideId "5704685"]
[BlackFideId "2602121"]
[EventDate "2012.08.28"]

1. d4 e6 2. c4 f5 3. Nc3 Nf6 4. f3 Bb4 5. Bd2 b6 6. a3 Bxc3 7. Bxc3 Bb7 8. e3
O-O 9. Bd3 d6 10. Ne2 Nbd7 11. O-O Qe8 12. Qc2 c5 13. Rae1 Rc8 14. b4 d5 15. Qa2
Kh8 16. dxc5 bxc5 17. Nf4 e5 18. Nxd5 Nxd5 19. cxd5 c4 20. Bc2 Bxd5 21. Bxf5
Rxf5 22. e4 Bxe4 23. Rxe4 Qe6 24. Qe2 Qb6+ 25. Kh1 Qb5 26. Re1 h6 27. g4 Rf6 28.
Bxe5 Nxe5 29. Rxe5 Qb7 30. Re8+ Rf8 31. Rxc8 Rxc8 32. Kg2 c3 33. Qc2 Qd5 34. Rd1
Qc4 35. Rc1 a6 36. h3 Qf4 37. Rd1 Qc4 38. Rc1 Qf4 39. Rd1 Qc7 40. Rc1 Qc4 41.
Kg3 Qc7+ 42. Kg2 Qf4 43. Rd1 Qe3 44. Qf2 Qe5 45. Qc2 Qb5 46. Kg3 a5 47. bxa5
Qxa5 48. a4 Qe5+ 49. Kg2 Rb8 50. Rd3 Rc8 51. Rd1 Qa5 52. Rc1 Qd5 53. Rd1 Qc4 54.
Rc1 Kg8 55. a5 Qb4 56. a6 Qa3 57. a7 Qxa7 58. Qb3+ Qf7 59. Rxc3 Qxb3 60. Rxb3
Rc6 61. h4 Kh7 62. h5 Ra6 63. f4 Rc6 64. Kg3 Ra6 65. Rb4 Ra3+ 66. Kh4 Ra1 67. g5
hxg5+ 68. fxg5 Rh1+ 69. Kg4 Rg1+ 70. Kf5 Rf1+ 71. Rf4 Rh1 1/2-1/2

[Event "40th Olympiad Women"]
[Site "Istanbul TUR"]
[Date "2012.09.04"]
[Round "7.31"]
[Board "2"]
[White "Peng, Jackie"]
[Black "Fong, Mi Yen"]
[Result "1-0"]
[WhiteTitle "WCM"]
[BlackTitle "WCM"]
[WhiteElo "2009"]
[BlackElo "1885"]
[WhiteTeam "Canada"]
[BlackTeam "Malaysia"]
[WhiteFideId "2609819"]
[BlackFideId "5703522"]
[EventDate "2012.08.28"]

1. e4 e5 2. Nf3 Nc6 3. Bb5 a6 4. Ba4 Nf6 5. d3 b5 6. Bb3 Be7 7. c3 d6 8. h3 O-O
9. O-O Be6 10. Re1 Bxb3 11. axb3 Nd7 12. Qe2 Nc5 13. Nbd2 Bf6 14. b4 Nd7 15. Nb3
Nb6 16. Na5 Ne7 17. Be3 Ng6 18. c4 bxc4 19. dxc4 Nf4 20. Bxf4 exf4 21. Rad1 Qe7
22. Qc2 Rfe8 23. c5 dxc5 24. bxc5 Nd7 25. Rd5 Qe6 26. Qd2 Ne5 27. Nd4 Qc8 28.
Nf5 Rb8 29. Qxf4 Rxb2 30. Nh6+ Kf8 31. Rxe5 Rxe5 32. Nc4 Rh5 33. Nxb2 Rxh6 34.
e5 Be7 35. Nd3 Rg6 36. Qf3 Bg5 37. Kh2 a5 38. Qe4 Qa6 39. Rb1 h6 40. Rb8+ Ke7
41. Qd5 Rc6 42. Rd8 1-0

[Event "40th Olympiad Women"]
[Site "Istanbul TUR"]
[Date "2012.09.04"]
[Round "7.31"]
[Board "3"]
[White "Tan, Li Ting"]
[Black "Botez, Alexandra"]
[Result "1-0"]
[BlackTitle "WCM"]
[WhiteElo "1834"]
[BlackElo "2009"]
[WhiteTeam "Malaysia"]
[BlackTeam "Canada"]
[WhiteFideId "5704820"]
[BlackFideId "2603365"]
[EventDate "2012.08.28"]

1. d4 Nf6 2. c4 g6 3. Nc3 d6 4. e4 Bg7 5. Be2 O-O 6. Nf3 e5 7. O-O Nc6 8. d5 Ne7
9. b4 Ne8 10. c5 h6 11. Nd2 f5 12. f3 g5 13. Nc4 f4 14. Ba3 h5 15. b5 Rf6 16.
Qb3 Rg6 17. b6 axb6 18. cxd6 Nxd6 19. Bxd6 cxd6 20. Nxb6 Rb8 21. Nca4 g4 22.
Nxc8 Nxc8 23. Rab1 Bf6 24. Rfc1 Qa5 25. Nc3 Qc5+ 26. Kf1 Bd8 27. Qb5 Qd4 28.
Qe8+ Kh7 29. Qxd8 g3 30. hxg3 Rg7 31. Nd1 fxg3 32. Rxc8 Rxc8 33. Qxc8 Qa7 34.
Qf5+ Kh6 35. Rc1 b6 36. Rc8 1-0

[Event "40th Olympiad Women"]
[Site "Istanbul TUR"]
[Date "2012.09.04"]
[Round "7.31"]
[Board "4"]
[White "Lacau-Rodean, Iulia"]
[Black "Camilia, Bt. Johari"]
[Result "0-1"]
[WhiteElo "1999"]
[BlackElo "1778"]
[WhiteTeam "Canada"]
[BlackTeam "Malaysia"]
[WhiteFideId "1211285"]
[BlackFideId "5704677"]
[EventDate "2012.08.28"]

1. e4 c6 2. d4 d5 3. Nd2 dxe4 4. Nxe4 Nd7 5. Ng5 Ngf6 6. Bd3 e6 7. N1f3 Bd6 8.
c3 h6 9. Ne4 Nxe4 10. Bxe4 O-O 11. Be3 Qc7 12. Bc2 b6 13. Qd2 Rd8 14. Bxh6 gxh6
15. Qxh6 Bf4 16. Qh7+ Kf8 17. g3 Nf6 18. Qh4 Ke7 19. gxf4 Bb7 20. Ng5 Rh8 21.
Nh7 Rxh7 22. Bxh7 Rh8 23. O-O-O Rxh7 24. Qg3 Nh5 25. Qg5+ f6 26. Qg6 Qxf4+ 27.
Rd2 Qh6 28. Qxh6 Rxh6 29. c4 Ng7 30. f4 Nf5 31. Re1 Kf7 32. c5 Rh4 33. Re4 Ba6
34. Kc2 Bc4 35. cxb6 axb6 36. Kc3 Bd5 37. Ree2 Rxf4 38. Rf2 Rh4 39. Rfe2 Nd6 40.
Kc2 Nc4 41. b3 Nxd2 42. Rxd2 Rh3 43. Kb2 Be4 44. Re2 f5 45. Rf2 Rd3 46. h4 Rxd4
47. h5 Rd8 48. a4 Rh8 49. Rh2 Bf3 50. h6 Kg6 51. Rh3 Bd5 52. b4 Rxh6 53. Rg3+
Kf7 54. a5 bxa5 55. bxa5 Rh2+ 56. Kc3 c5 57. Rg5 Ra2 58. Rh5 Rxa5 59. Rh7+ Kf6
60. Rc7 Ke5 0-1

[Event "40th Olympiad Women"]
[Site "Istanbul TUR"]
[Date "2012.09.04"]
[Round "7.32"]
[Board "2"]
[White "Onur, Cigdem"]
[Black "Chandrasiri, S A K"]
[Result "0-1"]
[WhiteElo "1627"]
[BlackElo "1731"]
[WhiteTeam "Turkey 2023"]
[BlackTeam "Sri Lanka"]
[WhiteFideId "6346030"]
[BlackFideId "9905049"]
[EventDate "2012.08.28"]

1. e4 c5 2. Nf3 a6 3. d4 cxd4 4. Nxd4 Nf6 5. Nc3 e5 6. Nde2 Bb4 7. Bd2 Nc6 8. f3
O-O 9. g4 Bc5 10. g5 Nh5 11. Bh3 d6 12. Bg4 g6 13. Bxh5 gxh5 14. h4 f5 15. Ng3
Qe8 16. Nd5 Qf7 17. Nf6+ Kh8 18. exf5 Nd4 19. Bc3 Nxf5 20. Nge4 Qc7 21. f4 Ne3
22. Qd2 Bf5 23. fxe5 dxe5 24. Nxc5 Nxc2+ 25. Kf1 Nxa1 26. Qe3 Qc6 27. Rg1 Nc2
28. Qe2 Bh3+ 29. Kf2 Qxc5+ 30. Kg3 Qxg1+ 31. Kxh3 Qh1+ 32. Kg3 Rxf6 33. Qxe5
Qf3+ 34. Kh2 Ne3 35. Qxf6+ Qxf6 36. gxf6 Kg8 37. Kg3 Kf7 38. Kf4 Nd5+ 0-1

[Event "40th Olympiad Women"]
[Site "Istanbul TUR"]
[Date "2012.09.04"]
[Round "7.32"]
[Board "4"]
[White "Okuyaz, Duru"]
[Black "Basnayake, I U"]
[Result "1/2-1/2"]
[WhiteElo "1547"]
[BlackElo "1788"]
[WhiteTeam "Turkey 2023"]
[BlackTeam "Sri Lanka"]
[WhiteFideId "6346022"]
[BlackFideId "9901698"]
[EventDate "2012.08.28"]

1. e4 c5 2. Nf3 Nc6 3. d4 cxd4 4. Nxd4 Nf6 5. Nc3 e5 6. Ndb5 d6 7. Bg5 a6 8. Na3
b5 9. Nd5 Be7 10. Bxf6 Bxf6 11. c3 O-O 12. Nc2 Bg5 13. Be2 Kh8 14. O-O f5 15.
Bf3 f4 16. Qd3 Be6 17. Rfd1 Ne7 18. Nxe7 Bxe7 19. Nb4 Qd7 20. Nd5 Bd8 21. b3 g5
22. Be2 g4 23. g3 f3 24. Bf1 h5 25. Qe3 Qg7 26. Nb4 Bc7 27. Nd5 Bxd5 28. Rxd5
Rf6 29. a4 bxa4 30. Rxa4 a5 31. b4 Rh6 32. bxa5 h4 33. a6 Bb8 34. gxh4 Rxh4 35.
Rb4 Ba7 36. Rb7 Bxe3 37. Rxg7 Bxf2+ 38. Kxf2 Kxg7 39. Kg3 Rh6 40. Rb5 Rg6 41.
Rb7+ Kf6 42. Rb6 Ke6 43. Bc4+ Kd7 44. Rb7+ Kc8 45. Rf7 Kb8 46. Rb7+ Kc8 47. Bb5
Rg8 1/2-1/2

[Event "40th Olympiad Women"]
[Site "Istanbul TUR"]
[Date "2012.09.04"]
[Round "7.33"]
[Board "1"]
[White "Mona, Khaled"]
[Black "Caoili, Arianne"]
[Result "1-0"]
[WhiteTitle "WGM"]
[BlackTitle "WIM"]
[WhiteElo "2121"]
[BlackElo "2204"]
[WhiteTeam "Egypt"]
[BlackTeam "Australia"]
[WhiteFideId "10605908"]
[BlackFideId "5201179"]
[EventDate "2012.08.28"]

1. e4 c5 2. Nf3 e6 3. d3 Nc6 4. g3 d5 5. Nbd2 Bd6 6. Bg2 Nge7 7. O-O O-O 8. Re1
f6 9. c3 b6 10. Qe2 Bc7 11. a3 Rb8 12. b4 d4 13. Bb2 e5 14. b5 dxc3 15. Bxc3 Na5
16. Nc4 a6 17. a4 axb5 18. axb5 Nb7 19. Qf1 Qd7 20. Reb1 Rd8 21. Ne1 Nd6 22.
Nxd6 Qxd6 23. Bh3 Bd7 24. Bxd7 Qxd7 25. Qe2 Nc8 26. Ra6 Nd6 27. Qb2 Kh8 28. Nc2
Ne8 29. Rd1 Bd6 30. Raa1 Nc7 31. Rab1 Qg4 32. Ne3 Qf3 33. Qb3 Be7 34. Qf7 Bd6
35. Nf5 Ne8 36. h3 Rbc8 37. Nh4 Qe2 38. Rd2 Rc7 39. Qxc7 Qxd2 40. Qxd8 1-0

[Event "40th Olympiad Women"]
[Site "Istanbul TUR"]
[Date "2012.09.04"]
[Round "7.33"]
[Board "2"]
[White "Yu, Sally"]
[Black "Wafa, Shrook"]
[Result "1-0"]
[BlackTitle "WFM"]
[WhiteElo "1990"]
[BlackElo "1911"]
[WhiteTeam "Australia"]
[BlackTeam "Egypt"]
[WhiteFideId "3206718"]
[BlackFideId "10609970"]
[EventDate "2012.08.28"]

1. e4 c5 2. Nf3 Nc6 3. d4 cxd4 4. Nxd4 Nf6 5. Nc3 e5 6. Ndb5 d6 7. Bg5 a6 8. Na3
b5 9. Bxf6 gxf6 10. Nd5 f5 11. c3 fxe4 12. Bxb5 Bd7 13. Ba4 Bg7 14. Nc4 O-O 15.
Ncb6 Ra7 16. Nxd7 Qxd7 17. Nb4 Qe6 18. Bxc6 Qg6 19. Qe2 f5 20. g4 fxg4 21. Bxe4
Qf6 22. Nd5 Qh4 23. Ne3 h5 24. Nf5 Qf6 25. O-O-O Rd8 26. h3 Rad7 27. Bd5+ Kf8
28. hxg4 Qg5+ 29. Ne3 hxg4 30. Rdg1 Rc7 31. Rxg4 Qf6 32. Qd3 e4 33. Rh8+ Bxh8
34. Rg8+ Ke7 35. Qxe4+ Kd7 36. Qg4+ Ke7 37. Nf5+ Kd7 38. Nh4+ 1-0

[Event "40th Olympiad Women"]
[Site "Istanbul TUR"]
[Date "2012.09.04"]
[Round "7.33"]
[Board "3"]
[White "Wafa, Shahenda"]
[Black "Nguyen, Thu Giang"]
[Result "0-1"]
[WhiteTitle "WFM"]
[WhiteElo "1830"]
[BlackElo "2105"]
[WhiteTeam "Egypt"]
[BlackTeam "Australia"]
[WhiteFideId "10609962"]
[BlackFideId "12400980"]
[EventDate "2012.08.28"]

1. e4 c6 2. d4 d5 3. Nc3 dxe4 4. Nxe4 Bf5 5. Ng3 Bg6 6. h4 h6 7. Nh3 e6 8. Nf4
Bh7 9. c3 Nf6 10. Bd3 Bxd3 11. Nxd3 Nbd7 12. Qf3 Be7 13. Ne4 Nxe4 14. Qxe4 Nf6
15. Qe2 Qd5 16. Nf4 Qa5 17. Nd3 O-O-O 18. Bd2 Rhf8 19. b4 Qf5 20. a4 Ne4 21. Rh3
Nxd2 22. Kxd2 g5 23. hxg5 hxg5 24. Qe5 Qg6 25. Qa5 Kb8 26. b5 c5 27. Ne5 Qe4 28.
Re3 Qd5 29. b6 axb6 30. Qxb6 cxd4 31. cxd4 Bc5 32. Qb3 Bxd4 33. Qxd5 Rxd5 34.
Nc6+ bxc6 35. Rb3+ Kc7 36. Rab1 Bxf2+ 0-1